000 00566nam a2200205Ia 4500
003 GCL
008 140319s9999 xx 000 0 eng d
040 _aGCL /
_cGCL
082 0 4 _a920.71
_bD M
100 1 _aDEYON , PIERRE
245 1 0 _aMARC BLOCH : L'HISTORIEN ET LA CITE /
_cDEYON , PIERRE
700 1 _aRICHEZ , JEAN - CLAUDE
260 _a[S.N] :
_bPRESSES UNIVERSITAIRES DE FRANCE ،
_c1997
300 _a220 P
650 0 4 _aBIOGRAPHIES
650 0 4 _aMEN - BIOGRAPHIES
650 0 4 _aBOLCH , MARC
650 0 4 _aSCIENTISTS - HUMMANISM
942 _2ddc
_cBK
999 _c16169
_d16169